000
00264nam a22001217a 4500
008
180924b xxu||||| |||| 00| 0 eng d
041
_a
eng
080
_a
712
100
_a
45
101
_a
ART
245
_a
Adventure In reading
_c
Francis.X.C
942
_2
udc
_c
BK
999
_c
48343
_d
48343